000 00784nam a2200241Ia 4500
001 4246
003 GE_BSU
008 181216s||||||||xx |||||||||||||| ||und||
040 _cGE_BSU
080 _a665.71(075.8)
100 _aАдельсон,С.В. Вишнякова,Т.П. Паушкин, Я.М.
245 _aТехнология нефтехимического синтеза.
245 _bУчеб. для вузов
245 _cРед. И.М.Черникова, А.А.Рогайлина.
250 _a2-е изд. перераб.
260 _aМ.
260 _bХимия.
260 _c1985.
300 _a608стр. 21см. илл.
300 _eтабл.
653 _aТехнология нефтехимического синтеза.
942 _cBK
999 _c38256
_d38256